|
|
|
|
| LEADER |
00000nam0a2200000 4500 |
| 001 |
312412 |
| 005 |
20231102002501.0 |
| 010 |
|
|
|a 9785811411573
|
| 035 |
|
|
|a (RuTPU)RU\TPU\book\337780
|
| 035 |
|
|
|a RU\TPU\book\213354
|
| 090 |
|
|
|a 312412
|
| 100 |
|
|
|a 20110512d2016 m y0rusy50 ca
|
| 101 |
0 |
|
|a rus
|
| 102 |
|
|
|a RU
|
| 105 |
|
|
|a a j 001zy
|
| 200 |
1 |
|
|a Сборник задач по основам теоретической электротехники
|e учебное пособие
|f под ред. Ю. А. Бычкова и др.
|
| 210 |
|
|
|a СПб.
|c Лань
|d 2016
|
| 215 |
|
|
|a 390 с.
|c ил.
|
| 225 |
1 |
|
|a Учебники для вузов. Специальная литература
|
| 320 |
|
|
|a Библиогр.: с. 389.
|
| 330 |
|
|
|a Содержание сборника соответствует программе Министерства образования и науки РФ курса "Теоретические основы электротехники" и включает наборы задач для индивидуальной работы студентов, описание практических занятий, перечень контрольных вопросов и варианты олимпиадных задач. Рассмотрены анализ цепей во временной и частотной областях, классические и современные приложения, включая анализ дискретных, нелинейных и активных цепей, синтез цепей, а также разнообразные задачи анализа электромагнитных полей. Учебное пособие предназначено для студентов технических вузов.
|
| 606 |
1 |
|
|a Электротехника теоретическая
|2 stltpush
|3 (RuTPU)RU\TPU\subj\20909
|9 45970
|
| 610 |
1 |
|
|a электрические цепи
|
| 610 |
1 |
|
|a теория
|
| 610 |
1 |
|
|a тестовые задачи
|
| 610 |
1 |
|
|a контрольные задачи
|
| 610 |
1 |
|
|a практикумы
|
| 610 |
1 |
|
|a контрольные вопросы
|
| 610 |
1 |
|
|a олимпиадные задачи
|
| 610 |
1 |
|
|a анализ
|
| 610 |
1 |
|
|a синтез
|
| 610 |
1 |
|
|a учебные пособия
|
| 675 |
|
|
|a 621.3.01(076)
|v 3
|
| 702 |
|
1 |
|a Бычков
|b Ю. А.
|4 340
|
| 702 |
|
1 |
|a Золотницкий
|b В. М.
|4 340
|
| 702 |
|
1 |
|a Чернышев
|b Э. П.
|4 340
|
| 702 |
|
1 |
|a Белянин
|b А. Н.
|4 340
|
| 702 |
|
1 |
|a Соловьева
|b Е. Б.
|4 340
|
| 801 |
|
1 |
|a RU
|b 63413507
|c 20151222
|
| 801 |
|
2 |
|a RU
|b 63413507
|c 20160916
|g RCR
|
| 900 |
|
|
|a Теоретическая электротехника
|
| 942 |
|
|
|c BK
|
| 959 |
|
|
|a 144/20151118
|d 5
|e 925,10
|f ЧЗТЛ:1
|f УФ:4
|